Catalog

Record Details

Catalog Search



Jak zdokonalovat sám sebe  Cover Image Book Book

Jak zdokonalovat sám sebe / [Autor:] Jiří Toman ; Obsahově doplnili Jarmila Juricová a Josef Toman ; [Barev.] il. Adolf Born

Summary:

Systematicky uspořádaný soubor námětů, rad a pokynů chce pomoci k lepšímu a plodnějšímu životu zdokonalováním osobních vlastností. Radí, jak poznat své možnosti, využívat volný čas, rozvíjet rozumové schopnosti a tělesnouzdatnost,pečovat o své zdraví a vzhled, vytvářet dobré vztahy ke svému okolí, překonávat překážky apod.

Record details

  • Physical Description: 319, [1] s. : tb. ; 21 cm
  • Edition: 1. vyd.
  • Publisher: Praha : Svoboda, 1980

Content descriptions

General Note:
Il. tit. list
Obálka a vazba: Miloslav Fulín
150000 výt.
Přehledy lit.
Frontispice

LDR 01646nam a22003611 4500
0014768
003CZ-PrJAB
00520220504080715.0
008950918s1980 xr cze
015 . ‡acnb000159817
020 . ‡q(Váz.)
035 . ‡a(CZ PrNK)bk198102865
035 . ‡a(OCoLC)8223065
040 . ‡aABA001 ‡bcze ‡cABA001 ‡dABA001
080 . ‡a159.923(022) ‡2undef
1001 . ‡aToman, Jiří, ‡d1913-1988 ‡7jk01132603 ‡4aut
24510. ‡aJak zdokonalovat sám sebe / ‡c[Autor:] Jiří Toman ; Obsahově doplnili Jarmila Juricová a Josef Toman ; [Barev.] il. Adolf Born
250 . ‡a1. vyd.
260 . ‡aPraha : ‡bSvoboda, ‡c1980 ‡f(Rudé právo)
300 . ‡a319, [1] s. : ‡btb. ; ‡c21 cm
4901 . ‡aČlenská knižnice nakl. Svoboda. Prémie
500 . ‡aIl. tit. list
500 . ‡aObálka a vazba: Miloslav Fulín
500 . ‡a150000 výt.
500 . ‡aPřehledy lit.
500 . ‡aFrontispice
520 . ‡aSystematicky uspořádaný soubor námětů, rad a pokynů chce pomoci k lepšímu a plodnějšímu životu zdokonalováním osobních vlastností. Radí, jak poznat své možnosti, využívat volný čas, rozvíjet rozumové schopnosti a tělesnouzdatnost,pečovat o své zdraví a vzhled, vytvářet dobré vztahy ke svému okolí, překonávat překážky apod.
6530 . ‡arozvoj osobnosti ‡amyšlení ‡azdraví ‡avzhled ‡atělesná zdatnost ‡avolba povolání ‡azaměstnání ‡astudium ‡avolný čas ‡amezilidské vztahy ‡arodina ‡akrize
7001 . ‡aToman, Josef, ‡d1899-1977 ‡7jk01132607 ‡4oth
7001 . ‡aJuricová, Jarmila ‡7jk01052242 ‡4oth
830 0. ‡aČlenská knižnice nakl. Svoboda. ‡pPrémie
910 . ‡aABG312
964 . ‡aČlověk - zdokonalování - návody
901 . ‡a4768 ‡bUnknown ‡c4768 ‡tbiblio

Additional Resources